JR03-JR東海の駅 - Statistics

General Stats
  • This quiz has been taken 1,344 times
  • The average score is 189 of 434
Answer Stats
本線 % Correct
名古屋
96%
熱海
95%
三島
94%
静岡
94%
浜松
94%
豊橋
94%
米原
93%
東京
93%
掛川
92%
三河安城
92%
品川
92%
新横浜
92%
富士
91%
岐阜
91%
岐阜羽島
91%
京都
91%
新大阪
91%
沼津
90%
小田原
90%
新富士
90%
金山
89%
大垣
88%
函南
86%
岡崎
85%
関ヶ原
85%
尾張一宮
84%
御殿場
84%
蒲郡
83%
清水
82%
安城
82%
飯田
82%
刈谷
81%
大府
81%
東静岡
80%
焼津
80%
甲府
79%
高山
79%
島田
78%
国府津
77%
武豊
77%
東田子の浦
76%
磐田
76%
尾頭橋
76%
西岐阜
76%
豊川
76%
美濃太田
76%
塩尻
76%
多治見
76%
四日市
76%
弁天島
75%
熱田
75%
枇杷島
75%
身延
75%
中津川
75%
金谷
74%
菊川
74%
新所原
74%
垂井
74%
興津
73%
草薙
73%
富士宮
73%
73%
松阪
73%
清洲
72%
穂積
72%
醒ヶ井
72%
美濃赤坂
72%
亀山
72%
71%
安倍川
71%
木曽川
71%
桑名
71%
蒲原
70%
藤枝
70%
二川
70%
富士川
69%
由比
69%
袋井
69%
稲沢
69%
下呂
69%
高蔵寺
69%
鳥羽
69%
吉原
68%
西焼津
68%
天竜川
68%
辰野
68%
新宮
68%
新蒲原
67%
三河三谷
67%
幸田
67%
近江長岡
67%
大曽根
66%
千種
66%
松田
65%
御厨
64%
共和
64%
大高
64%
猪谷
64%
木曽福島
64%
春日井
64%
鶴舞
64%
伊勢市
64%
舞阪
63%
西岡崎
63%
南大高
63%
笠寺
63%
弥富
63%
用宗
62%
西小坂井
61%
西富士宮
61%
新城
61%
恵那
61%
瑞浪
61%
片浜
60%
愛知御津
60%
八田
60%
天竜峡
59%
南木曽
59%
勝川
59%
豊田町
58%
柏原
58%
山北
58%
中部天竜
58%
六合
57%
愛野
57%
新居町
57%
鷲津
57%
三河大塚
57%
東刈谷
57%
飛騨古川
57%
古虎渓
57%
高塚
56%
三河塩津
56%
土岐市
56%
神領
56%
新守山
56%
多気
56%
尾鷲
56%
伊勢奥津
56%
半田
55%
鵜沼
55%
蟹江
55%
長島
55%
野田新町
54%
長泉なめり
53%
伊那市
53%
各務ヶ原
53%
熊野市
53%
小坂井
52%
駿河小山
51%
裾野
50%
本長篠
50%
三ヶ根
49%
逢妻
49%
鰍沢口
49%
南甲府
49%
定光寺
49%
可児
49%
相見
48%
船町
48%
駒ヶ根
48%
南四日市
48%
水窪
46%
上松
46%
美乃坂本
46%
荒尾
45%
富田
45%
下地
44%
小和田
44%
上呂
44%
南御殿場
43%
金手
43%
佐久間
43%
足柄
42%
善光寺
42%
坂祝
42%
奈良井
42%
42%
春田
42%
家城
42%
市川大門
41%
紀伊長島
41%
白川口
40%
河原田
40%
洗馬
39%
飛騨金山
38%
坂下
38%
下部温泉
37%
長篠城
37%
大嵐
37%
中井侍
37%
一身田
37%
東山北
36%
36%
飛騨一ノ宮
36%
朝日
36%
下曽我
35%
柚木
35%
那加
35%
落合川
35%
牛久保
34%
三河一宮
34%
湯谷温泉
34%
東栄
34%
下麻生
34%
釜戸
34%
二見浦
34%
平岡
33%
為栗
33%
武並
33%
富田浜
33%
三瀬谷
33%
相模金子
32%
谷峨
32%
下土狩
32%
伊那松島
32%
上麻生
32%
東浦
31%
鵜殿
31%
大岡
30%
波高島
30%
長森
30%
飛騨萩原
30%
飛騨小坂
30%
贄川
30%
永和
30%
河曲
30%
伊那北
29%
久々野
29%
大桑
29%
阿漕
29%
五十鈴ヶ丘
29%
上大井
28%
元善光寺
28%
尾張森岡
28%
東成岩
28%
日出塩
28%
木曽平沢
28%
十二兼
28%
温田
27%
伊那大島
27%
蘇原
27%
芝川
26%
内船
26%
東花輪
26%
田本
26%
金野
26%
伊那福岡
26%
藪原
26%
桜町
25%
飛騨国府
25%
田立
25%
加佐登
25%
井田川
25%
富士根
24%
東上
24%
三河槙原
24%
千代
24%
焼石
24%
六軒
24%
甲斐常葉
23%
長山
23%
野田城
23%
宮田
23%
伊那新町
23%
23%
一志
23%
三河大野
22%
宮木
22%
乙川
22%
古井
22%
倉本
22%
須原
22%
野尻
22%
高茶屋
22%
甲斐岩間
21%
三河川合
21%
出馬
21%
伊那小沢
21%
21%
上枝
21%
小泉
21%
相可
21%
竪堀
20%
入山瀬
20%
源道寺
20%
国母
20%
東新町
20%
茶臼山
20%
三河東郷
20%
伊那上郷
20%
坂上
20%
下庄
20%
佐奈
20%
九鬼
20%
山田上口
20%
富士岡
19%
岩波
19%
市川本町
19%
大海
19%
鳥居
19%
下山村
19%
切石
19%
市田
19%
高遠原
19%
飯島
19%
田切
19%
緒川
19%
中川辺
19%
杉原
19%
宮ノ越
19%
徳和
19%
新鹿
19%
伊勢鎌倉
19%
十島
18%
向市場
18%
沢渡
18%
亀崎
18%
禅昌寺
18%
美濃川合
18%
松下
18%
甲斐大島
17%
駄科
17%
大田切
17%
原野
17%
大内山
17%
大曽根浦
17%
紀伊市木
17%
権現前
17%
宮川
17%
常永
16%
相月
16%
鶯巣
16%
唐笠
16%
下市田
16%
羽場
16%
下油井
16%
飛騨宮田
16%
飛騨細江
16%
根本
16%
栃原
16%
田丸
16%
沼久保
15%
井出
15%
甲斐上野
15%
江島
15%
上片桐
15%
伊那田島
15%
伊那本郷
15%
田畑
15%
打保
15%
下切
15%
伊勢柏崎
15%
比津
15%
外城田
15%
稲子
14%
甲斐住吉
14%
柿平
14%
上市場
14%
浦川
14%
城西
14%
時又
14%
毛賀
14%
伊那八幡
14%
小町屋
14%
赤木
14%
角川
14%
梅ヶ谷
14%
三野瀬
14%
相賀
14%
波田須
14%
紀伊井田
14%
伊勢八太
14%
伊勢八知
14%
池場
13%
下川合
13%
門島
13%
川路
13%
七久保
13%
北殿
13%
杉崎
13%
三木里
13%
二木島
13%
阿田和
13%
上ノ庄
13%
早瀬
12%
木ノ下
12%
石浜
12%
川添
12%
滝原
12%
大泊
12%
井関
12%
寄畑
11%
久那土
11%
小井川
11%
下平
11%
下島
11%
船津
11%
神志山
11%
伊勢大井
11%
市ノ瀬
10%
阿曽
10%
賀田
10%
有井
10%
伊勢川口
10%
伊勢竹原
10%
塩之沢
9%
芦川
9%
山吹
9%
落居
8%
関ノ宮
7%
No matching quizzes found
Score Distribution
Percent of People with Each Score
Percentile by Number Answered
Your Score History
You have not taken this quiz